header

Hamlet (Record no. 3151)

MARC details
000 -LEADER
fixed length control field 01113nam a2200301Ia 4500
100 1# - MAIN ENTRY--AUTHOR NAME
Personal name Shakespeare, William,
245 10 - TITLE STATEMENT
Title Hamlet
260 ## - PUBLICATION, DISTRIBUTION, ETC. (IMPRINT)
Place of publication Raleigh, NC :
Name of publisher Alex Catalogue,
Year of publication 2001.
300 ## - PHYSICAL DESCRIPTION
Number of Pages 101 p.
650 #0 - SUBJECT ADDED ENTRY--TOPICAL TERM
Topical Term Hamlet (Legendary character)
Topical Term Murder victims' families
Topical Term Fathers
Topical Term Princes
Topical Term Revenge
856 40 - ELECTRONIC LOCATION AND ACCESS
Uniform Resource Identifier http://site.ebrary.com/lib/rucke/Doc?id=5000994

No items available.

© 2026 Rongo University
Contact us: librarian | system librarian | Rongo university